Characteristics of the Christian philosopher : a discourse commemorative of the virtues and attainments of Rev. James Marsh, D.D., late president in the University of Vermont /

Bibliographic Details
Main Author: Cheever, George B. (George Barrell), 1807-1890
Format: Book
Language:English
Published: New York : Wiley and Putnam, 1843.
Subjects:

MARC

Tag First Indicator Second Indicator Subfields
LEADER 00000cam a2200000 4500
001 in00000674613
005 20151015081838.0
008 800918r18431843miu a 00010 eng d
035 |a (OCoLC)06726076 
035 |9 ACX8365AM 
040 |a EEU  |c TXA  |d UtOrBLW 
049 |a TXAI 
090 |a LH1.D3  |b D4 vol. 5  |a LD5622.C504 
099 |a film  |a B  |a 1512  |a reel  |a 497.7 
100 1 |a Cheever, George B.  |q (George Barrell),  |d 1807-1890. 
245 1 0 |a Characteristics of the Christian philosopher :  |b a discourse commemorative of the virtues and attainments of Rev. James Marsh, D.D., late president in the University of Vermont /  |c Delivered before the alumni of the University, at their annual meeting in August, 1843, and pub. at their request, by Rev. George B. Cheever. 
264 1 |a New York :  |b Wiley and Putnam,  |c 1843. 
300 |a 72 pages ;  |c 22 cm. 
336 |a text  |b txt  |2 rdacontent 
337 |a microform  |b h  |2 rdamedia 
338 |a microfilm reel  |b hd  |2 rdacarrier 
500 |a Microfilm. Ann Arbor, Mich., University Microfilms [n.d.] (American culture series, Reel 497.7) 
500 |a Microform. 
600 1 0 |a Marsh, James,  |d 1794-1842. 
999 |a MARS 
999 f f |s d9c787cf-336f-31e3-948a-6e0505eb4cb6  |i 1c425ff0-d18d-3012-9086-945ccd4982c7  |t 0 
952 f f |p default  |a Texas A&M University  |b College Station  |c Sterling C. Evans Library  |d Evans: Microforms (3rd floor)  |t 0  |e film B 1512 reel 497.7  |h Other scheme  |i microform -- microfilm reel 
998 f f |a film B 1512 reel 497.7  |t 0  |l Evans: Microforms (3rd floor)